[Event "Montaiguillon rapid 1st"]
[Site "Montagne"]
[Date "2019.09.08"]
[Round "7"]
[White "Mullon, Jean Baptiste"]
[Black "Rabouan, Christophe"]
[Result "1-0"]
[WhiteElo "2357"]
[BlackElo "1811"]
[PlyCount "56"]
[EventDate "2019.09.08"]
[EventType "swiss (rapid)"]
[EventRounds "9"]
[EventCountry "FRA"]
[SourceTitle "EXT 2020"]
[Source "ChessBase"]
[SourceDate "2019.10.17"]
[SourceVersion "1"]
[SourceVersionDate "2019.10.17"]
[SourceQuality "1"]

1. e4 c6 2. Nf3 d5 3. Nc3 Bg4 4. h3 Bh5 5. exd5 cxd5 6. d4 e6 7. Bb5+ Nc6 8. g4 Bg6 9. Ne5 Qc7 10. h4 h6 11. Nxg6 fxg6 12. Bd3 0-0-0 13. Be3 e5 14. Nb5 Qa5+ 15. Kf1 a6 16. a4 Nge7 17. c3 Rd7 18. dxe5 Nxe5 19. Nd4 Qd8 20. b4 Nxd3 21. Qxd3 Rd6 22. b5 a5 23. b6 Nc6 24. Nb5 Re6 25. Na7+ Kb8 26. Bf4+ Ka8 27. Nb5 Na7 28. Bd6 Nc6 1-0